| 000 | 00800ckc a22002055a 4500 | ||
|---|---|---|---|
| 001 | L140593 | ||
| 008 | 071001k19441970xxk eng u | ||
| 035 | _a(Sirsi) u140593 | ||
| 041 | 0 | _aeng | |
| 245 | 0 | 1 |
_a[Collection of photographs of Presidents of the Auctioneers' and Estate Agents' Institute _b1944-1970] _h[graphic] |
| 260 | _c1944-1970 | ||
| 300 |
_a26 photographs _bb&w _c19 x 16 cm., or smaller |
||
| 340 | _aPhotograph | ||
| 351 | _cFonds | ||
| 500 | _aA collection of photographs of Presidents of the Auctioneers' and Estate Agents' Institute. Also includes a photograph of Charles Harris, Secretary and a photograph of a portrait of E. H. Blake. | ||
| 610 | 2 |
_aAuctioneers' and Estate Agents' Institute _93790 |
|
| 651 | 4 |
_aUnited Kingdom _y |
|
| 690 | _aABOUT RICS | ||
| 942 | _n0 | ||
| 999 |
_c116380 _d116380 |
||